000 00798nam a2200217Ii 4500
003 JO-AjNU
008 230605s9999||||xx |||||||||||||| ||und||
017 _a1997/6/836
040 _aJO-AjNU
_bara
_erda
_cJO-AjNU
041 _aara
050 1 4 _aKMM54.D3922.2004
100 3 _a داود ، احمد محمد علي ,
_eauthor
_946550
245 0 0 _aالقرارات الاستئنافية في أصول المحاكمات الشرعية ومناهج الدعوى، الجزء الاول
250 _aط1
264 3 1 _aعمان : مكتبة دار الثقافة ، 2004
300 _aج1، 542ص
336 _atext
_btxt
_2rdacontent
337 _aunmediated
_bn
_2rdamedia
338 _avolume
_bnc
_2rdacarrier
650 4 _aالعلوم الاجتماعية -- المحاكمات
_946551
999 _aA20260
_c23828
_d23828